【1908年】沖縄県の区町村 - Statistics

General Stats
  • This quiz has been taken 9 times
  • The average score is 25 of 51
Answer Stats
区町村 % Correct
(区) 那覇区
83%
(区) 首里区
83%
国頭郡 国頭村
83%
島尻郡 豊見城村
67%
島尻郡 東風平村
67%
島尻郡 真和志村
67%
島尻郡 具志川村
67%
島尻郡 渡嘉敷村
67%
島尻郡 座間味村
67%
島尻郡 伊平屋村
67%
中頭郡 西原村
67%
中頭郡 浦添村
67%
中頭郡 宜野湾村
67%
中頭郡 中城村
67%
中頭郡 具志川村
67%
中頭郡 勝連村
67%
国頭郡 名護村
67%
国頭郡 恩納村
67%
国頭郡 大宜味村
67%
国頭郡 今帰仁村
67%
国頭郡 本部村
67%
八重山郡 八重山村
67%
島尻郡 糸満町
50%
島尻郡 具志頭村
50%
島尻郡 玉城村
50%
島尻郡 知念村
50%
島尻郡 南風原村
50%
島尻郡 粟国村
50%
島尻郡 渡名喜村
50%
中頭郡 北谷村
50%
中頭郡 与那城村
50%
国頭郡 金武村
50%
国頭郡 伊江村
50%
宮古郡 平良村
50%
島尻郡 小禄村
33%
島尻郡 佐敷村
33%
島尻郡 大里村
33%
島尻郡 仲里村
33%
宮古郡 下地村
33%
宮古郡 城辺村
33%
宮古郡 伊良部村
33%
島尻郡 高嶺村
17%
島尻郡 喜屋武村
17%
島尻郡 摩文仁村
17%
中頭郡 読谷山村
17%
中頭郡 越来村
17%
中頭郡 美里村
17%
国頭郡 久志村
17%
島尻郡 兼城村
0%
島尻郡 真壁村
0%
国頭郡 羽地村
0%
No matching quizzes found
Score Distribution
Percent of People with Each Score
Percentile by Number Answered
Your Score History
You have not taken this quiz